Foreign students and their impact on the economies of EU countries

Na minha lista:
Detalhes bibliográficos
Autor principal: Přívarová, Magdaléna, 1955-
Outros Autores: Přívara, Andrej, 1983-
Formato: Capítulo de Livro
Idioma:inglês
Assuntos:
Tags: Adicionar Tag
Sem tags, seja o primeiro a adicionar uma tag!

MARC

LEADER 00000naa$a2200000$$$4500
001 0222745
005 20240712104355.6
041 0 |a eng 
044 |a BG 
245 1 0 |a Foreign students and their impact on the economies of EU countries  |c Magdaléna Přívarová, Andrej Přívara 
610 2 0 |a študenti zahraniční 
610 2 0 |a absolventi 
610 2 0 |a pracovníci zahraniční 
610 2 0 |a únik mozgov 
610 2 0 |a Európska únia 
100 1 |a Přívarová, Magdaléna, 1955- 
700 1 |a Přívara, Andrej, 1983-